000 00316nam a22001337a 4500
008 170504b xxu||||| |||| 00| 0 eng d
020 _a9781588260703
041 _aeng
080 _a341
100 _a13
101 _aSHJ
245 _aUNITED NATIONS TOWARD INTERNATIONAL JUSTICE
_cWHITE.N.D
942 _2udc
_cBK
999 _c12631
_d12631